Research methods for business students / (Record no. 31500)
[ view plain ]
| 000 -LEADER | |
|---|---|
| fixed length control field | 01826cam a22003258i 4500 |
| 001 - CONTROL NUMBER | |
| control field | 20771748 |
| 005 - DATE AND TIME OF LATEST TRANSACTION | |
| control field | 20231023120921.0 |
| 008 - FIXED-LENGTH DATA ELEMENTS--GENERAL INFORMATION | |
| fixed length control field | 181207s2019 nyu 000 0 eng |
| 010 ## - LIBRARY OF CONGRESS CONTROL NUMBER | |
| LC control number | 2018058370 |
| 020 ## - INTERNATIONAL STANDARD BOOK NUMBER | |
| International Standard Book Number | 9781292208787 |
| 040 ## - CATALOGING SOURCE | |
| Original cataloging agency | DLC |
| Language of cataloging | eng |
| Description conventions | rda |
| Transcribing agency | DLC |
| 042 ## - AUTHENTICATION CODE | |
| Authentication code | pcc |
| 050 00 - LIBRARY OF CONGRESS CALL NUMBER | |
| Classification number | HD30.4 |
| Item number | .S28 2019 |
| 082 00 - DEWEY DECIMAL CLASSIFICATION NUMBER | |
| Classification number | 650.072 |
| Edition number | 23 |
| 100 1# - MAIN ENTRY--PERSONAL NAME | |
| Personal name | Saunders, M. N. K., |
| 245 10 - TITLE STATEMENT | |
| Title | Research methods for business students / |
| Statement of responsibility, etc. | Mark Saunders, Philip Lewis, Adrian Thornhill. |
| 250 ## - EDITION STATEMENT | |
| Edition statement | Eighth Edition. |
| 260 ## - PUBLICATION, DISTRIBUTION, ETC. (IMPRINT) | |
| Place of publication, distribution, etc. | Harlow, United Kingdom: |
| Name of publisher, distributor, etc. | Pearson, |
| Date of publication, distribution, etc. | 2019. |
| 263 ## - PROJECTED PUBLICATION DATE | |
| Projected publication date | 1901 |
| 300 ## - PHYSICAL DESCRIPTION | |
| Extent | xxxiii, 833 pages : illustrations(color) ; 27 cm |
| 500 ## - GENERAL NOTE | |
| General note | Revised edition of the authors' Research methods for business students, 2015. |
| 505 0# - FORMATTED CONTENTS NOTE | |
| Formatted contents note | Publisher's acknowledgements -- Business and management research, reflective diaries and the purpose of this book -- Formulating and clarifying the research topic -- Critically reviewing the literature -- Understanding research philosophy and approaches to theory development -- Formulating the research design -- Negotiating access and research ethics -- Selecting samples -- Utilising secondary data -- Collecting data through observation -- Collecting primary data using research interviews and research diaries -- Collecting primary data using questionnaires -- Analysing data quantitatively -- Analysing data qualitatively -- Writing and presenting your project report -- Bibliography -- Appendices -- Glossary -- Index. |
| 650 #0 - SUBJECT ADDED ENTRY--TOPICAL TERM | |
| Topical term or geographic name as entry element | Business |
| General subdivision | Research. |
| 650 #0 - SUBJECT ADDED ENTRY--TOPICAL TERM | |
| Topical term or geographic name as entry element | Business |
| General subdivision | Research |
| -- | Data processing. |
| 700 1# - ADDED ENTRY--PERSONAL NAME | |
| Personal name | Lewis, Philip, |
| 700 1# - ADDED ENTRY--PERSONAL NAME | |
| Personal name | Thornhill, Adrian, |
| 906 ## - LOCAL DATA ELEMENT F, LDF (RLIN) | |
| a | 7 |
| b | cbc |
| c | orignew |
| d | 1 |
| e | ecip |
| f | 20 |
| g | y-gencatlg |
| 942 ## - ADDED ENTRY ELEMENTS (KOHA) | |
| Source of classification or shelving scheme | |
| Koha item type | Hard Covered Materials |
| Classification part | HD 30.4 .S28 2019 |
| Withdrawn status | Lost status | Source of classification or shelving scheme | Damaged status | Not for loan | Home library | Current library | Shelving location | Date acquired | Source of acquisition | Cost, normal purchase price | Total Checkouts | Full call number | Barcode | Date last seen | Price effective from | Koha item type |
|---|---|---|---|---|---|---|---|---|---|---|---|---|---|---|---|---|
| MACHAKOS UNIVERSITY LIBRARY | MACHAKOS UNIVERSITY LIBRARY | Open shelf | 25/11/2022 | Donation (Educate Yourself) | 8448.28 | HD 30.4 .S28 2019 | 39289 | 06/01/2023 | 05/01/2023 | Hard Covered Materials | ||||||
| MACHAKOS UNIVERSITY LIBRARY | MACHAKOS UNIVERSITY LIBRARY | Open shelf | 18/09/2023 | Purchase - Falcon Books | 5560.00 | HD 30.4 .S28 2019 | 39754 | 23/10/2023 | 23/10/2023 | Hard Covered Materials |